000 00611nam a22001697a 4500
003 OSt
005 20171010095458.0
008 120720t xxu||||| |||| 00| 0 eng d
040 _aMMSU
_cULS
100 _aCalon, Mamerto Jr. M.
_911310
245 _aPhytochemical analysis and antimicrobial property of jute (Corchorus capsularis L.) crude leaf extract
_cMamerto M. Calon Jr.
260 _c2008
300 _axvii, 59 leaves
_c28 cm.
500 _aThesis (BS Biology) -- Mariano Marcos State University-College of Arts & Sciences, Batac City
504 _aBibliography: leaves 35-36
942 _2ddc
_cTHEDIS
999 _c9639
_d9639